000 00682nam a2200229 i 4500
001 134153
003 ES-MaACL
005 20230906194618.0
007 t|
008 070906s1975 sp ||||0| spa d
016 7 _zSIC92013524
040 _aM-BN
_bspa
_cSIC
080 _a82-3"19"
100 1 _aVan de Wetering, Janwillem.
_9113030
245 1 3 _aEl espejo vacio
_b: experiencias en un monasterio zen /
_cJanwillem Van de Wetering ; traducción de Marcelo Covián.
250 _a1ª ed.
260 _aBarcelona :
_bKairós,
_c1975.
300 _a204 p. ;
_c20 cm.
700 1 _aCovian, Marcelo.
_9180854
852 _aES-MaACL
_jE-10016
_bR.94230
999 _c134153
_d134153